Normal view
MARC view
- Strategic military surprise
Entry Topical Term
001 - CONTROL NUMBER
- control field: 91079
003 - CONTROL NUMBER IDENTIFIER
- control field: NUST
005 - DATE AND TIME OF LATEST TRANSACTION
- control field: 20220420120429.0
008 - FIXED-LENGTH DATA ELEMENTS
- fixed length control field: 220420|| aca||aabn | a|a d
040 ## - CATALOGING SOURCE
- Original cataloging agency: NUST
- Transcribing agency: NUST
150 ## - HEADING--TOPICAL TERM
- Topical term or geographic name entry element: Strategic military surprise
- General subdivision: Strategy
670 ## - SOURCE DATA FOUND
- Source citation: Work cat.: (NUST): Knorr, Kalus; 91078, Strategic Military Surprise., c 1983.
